Southville International School and Colleges
Your cart is empty.
  • Cart
  • Lists
    Public lists Eva Luna New books Lux_list list_1
    Your lists Log in to create your own lists
  • Log in to your account
  • Your cookies
  • Search history
Southville International School and Colleges
  • Advanced search
  • Recent comments
  • Most popular
  • Libraries

Log in to your account

Log in with GOOGLE


If you do not have an external account, but do have a local account, you can still log in:

  1. Home
  2. MARC view: Environmental and human health :
Normal view MARC view ISBD view

Environmental and human health : (Record no. 357616)

[ view plain ]
MARC details
000 -LEADER
fixed length control field 00921nam a2200253Ia 4500
008 - FIXED-LENGTH DATA ELEMENTS--GENERAL INFORMATION
fixed length control field 180523s9999 xx 000 0 und d
020 ## - INTERNATIONAL STANDARD BOOK NUMBER
International Standard Book Number 978-0-415-60162-7
050 ## - LIBRARY OF CONGRESS CALL NUMBER
Classification number MAIN RA 566.5
050 ## - LIBRARY OF CONGRESS CALL NUMBER
Item number .D44E58 2010
245 #0 - TITLE STATEMENT
Title Environmental and human health :
245 #0 - TITLE STATEMENT
Remainder of title risk management in developing countries /
245 #0 - TITLE STATEMENT
Statement of responsibility, etc Eddie N. Laboy-Nieves, Evens Emmanuel, Mattheus Goosen, editors.
260 ## - PUBLICATION, DISTRIBUTION, ETC. (IMPRINT)
Place of publication, distribution, etc New York :
260 ## - PUBLICATION, DISTRIBUTION, ETC. (IMPRINT)
Name of publisher, distributor, etc CRC Press,
260 ## - PUBLICATION, DISTRIBUTION, ETC. (IMPRINT)
Date of publication, distribution, etc 2010
300 ## - PHYSICAL DESCRIPTION
Extent 276 pages :
300 ## - PHYSICAL DESCRIPTION
Dimensions 25 cm.
500 ## - GENERAL NOTE
General note Includes index.
650 ## - SUBJECT ADDED ENTRY--TOPICAL TERM
Topical term or geographic name as entry element Economic development - Health aspects -- Developing countries.
650 ## - SUBJECT ADDED ENTRY--TOPICAL TERM
Topical term or geographic name as entry element Environmental health -- Developing countries.
650 ## - SUBJECT ADDED ENTRY--TOPICAL TERM
Topical term or geographic name as entry element Environmental management -- Health aspects -- Developing countries.
650 ## - SUBJECT ADDED ENTRY--TOPICAL TERM
General subdivision Health rish assessment -- Developing countries.
650 ## - SUBJECT ADDED ENTRY--TOPICAL TERM
General subdivision Sustainable development -- Health aspects -- Developing countries.
Holdings
Withdrawn status Lost status Damaged status Home library Current library Shelving location Date acquired Total Checkouts Full call number Barcode Date last seen Price effective from Koha item type
      South Mansfield College South Mansfield College   07/08/2012   MAIN RA 566.5 .D44E58 2010 SMC05705 05/23/2018 05/23/2018  

Environmental and human health :

APA

Environmental and human health. New York: .

Chicago

Environmental and human health. New York: .

Harvard

Environmental and human health. New York: .

MLA

New York: . .

  • Place hold
  • Print
  • Cite
  • Add to your cart (remove)
  • Save record
    BIBTEX Dublin Core MARCXML MARC (non-Unicode/MARC-8) MARC (Unicode/UTF-8) MARC (Unicode/UTF-8, Standard) MODS (XML) RIS
  • More searches
    Search for this title in:
    Other Libraries (WorldCat) Other Databases (Google Scholar) Online Stores (Bookfinder.com) Open Library (openlibrary.org)

Exporting to Dublin Core...

SOUTHVILLE LIBRARY

Southville International School and Colleges Library

1281 Tropical Ave. Cor. Luxembourg St., BF Homes International, Las Pinas City

Tel. No. 8256374 / 252358 Loc. 117/146

Powered by Koha